000 00538 a2200169 4500
005 20250318100127.0
020 _a978-0-619-21742-6
082 _a658.872 NAP
100 _aNAPIER, H. A.
245 _aCreating a Winning E- Business
250 _a2nd Ed.
260 _aAustralia
_bCourse Technology
_c2006
300 _axix, 444p.: ill.; figure, table
_bIndex, Glossary
_c24cm.
700 _aRIVERS, O. N.; WAGNER, S. W. & NAPIER, J. B.
856 _yAccess Online Book
_fCreating a Winning E- Business
_dwww.ichapters.com
942 _2ddc
_cBKS
999 _c886
_d886